000 00553nam a22001817a 4500
999 _c5255
_d5255
003 GZU
005 20210330143446.0
008 210330b ||||| |||| 00| 0 eng d
020 _a9781292020631
040 _c11
050 _a21.3
_bYOU
245 _aSears and Zemansky's University Physics with Modern Physics Technology Update :
_cHugh D. Young and Roger A. Freeman
260 _aUnited States of America
_bPearson
_c2014
300 _a1726p.
_bill. (col.)
500 _aIncludes index
600 _2Physics
942 _2lcc
_cBK
_e13th ed
_h21.3
_iYOU
_kQC